The secondary modern school / (Record no. 182000)
[ view plain ]
| 000 -LEADER | |
|---|---|
| fixed length control field | 00863namaa2200289 a 4500 |
| 001 - CONTROL NUMBER | |
| control field | vtls000178166 |
| 003 - CONTROL NUMBER IDENTIFIER | |
| control field | NLI |
| 005 - DATE AND TIME OF LATEST TRANSACTION | |
| control field | 20210602105659.0 |
| 008 - FIXED-LENGTH DATA ELEMENTS--GENERAL INFORMATION | |
| fixed length control field | 101125s1963 enk 000 0 eng |
| 039 #9 - LEVEL OF BIBLIOGRAPHIC CONTROL AND CODING DETAIL [OBSOLETE] | |
| -- | 201011252144 |
| -- | VLOAD |
| 040 ## - CATALOGING SOURCE | |
| Original cataloging agency | NLI |
| Transcribing agency | VTLS-2010 |
| Description conventions | AACR2 |
| 041 0# - LANGUAGE CODE | |
| Language code of text/sound track or separate title | eng |
| 044 ## - COUNTRY OF PUBLISHING/PRODUCING ENTITY CODE | |
| MARC country code | enk |
| 082 40 - DEWEY DECIMAL CLASSIFICATION NUMBER | |
| Classification number | 373 |
| 100 1# - MAIN ENTRY--PERSONAL NAME | |
| Personal name | Taylor, William |
| 9 (RLIN) | 210428 |
| 245 14 - TITLE STATEMENT | |
| Title | The secondary modern school / |
| Statement of responsibility, etc. | William Taylor |
| 260 ## - PUBLICATION, DISTRIBUTION, ETC. | |
| Place of publication, distribution, etc. | London : |
| Name of publisher, distributor, etc. | Faber and Faber, |
| Date of publication, distribution, etc. | c1963 |
| 300 ## - PHYSICAL DESCRIPTION | |
| Extent | 254 p. ; |
| Dimensions | 23 cm. |
| 650 #0 - SUBJECT ADDED ENTRY--TOPICAL TERM | |
| Topical term or geographic name entry element | Education, Secondary |
| 9 (RLIN) | 194575 |
| 650 #0 - SUBJECT ADDED ENTRY--TOPICAL TERM | |
| Topical term or geographic name entry element | Education |
| Geographic subdivision | Great Britain |
| 9 (RLIN) | 149618 |
| 887 ## - NON-MARC INFORMATION FIELD | |
| Content of non-MARC field | |
| 901 ## - LOCAL DATA ELEMENT A, LDA (RLIN) | |
| a | 353485 |
| b | 18.5.63 |
| 902 ## - LOCAL DATA ELEMENT B, LDB (RLIN) | |
| a | E 373 T 219 |
| 942 ## - ADDED ENTRY ELEMENTS (KOHA) | |
| Source of classification or shelving scheme | Dewey Decimal Classification |
| Koha item type | Books |
| 949 ## - LOCAL PROCESSING INFORMATION (OCLC) | |
| -- | VIRTUAITEM |
| -- | 10000 |
| -- | 100 |
| 6 | PUR000353485ENG |
| Withdrawn status | Lost status | Damaged status | Not for loan | Collection code | Home library | Current library | Shelving location | Date acquired | Total Checkouts | Full call number | Barcode | Date last seen | Price effective from | Koha item type |
|---|---|---|---|---|---|---|---|---|---|---|---|---|---|---|
| New English | National Library of India | National Library of India | New English - Main Stack Division | E 373 T 219 | PUR000353485ENG | 02/06/2021 | 02/06/2021 | Books |
